Outsourcing a jeho využívanie IT manažérmi bakalárska práca

Saved in:
Bibliographic Details
Main Author: Blahunková, Dominika
Corporate Author: Fakulta podnikového manažmentu EU. Katedra informačného manažmentu
Other Authors: Černý, Matej, 1982-
Format: Book
Language:Slovak
Published: Bratislava 2013
Tags: Add Tag
No Tags, Be the first to tag this record!

MARC

LEADER 00000nbm a2200000 4500
001 0172951
005 20161109112128.2
041 0 |a slo 
044 |a SK 
245 1 0 |a Outsourcing a jeho využívanie IT manažérmi  |b bakalárska práca  |c Dominika Blahunková ; školiteľ: Matej Černý 
264 1 |a Bratislava  |c 2013 
300 |a 46 s. 
100 1 |a Blahunková, Dominika 
700 1 |a Černý, Matej, 1982- 
710 2 |a Fakulta podnikového manažmentu EU. Katedra informačného manažmentu